000 00400nam a2200145Ia 4500
008 220217s9999||||xx |||||||||||||| ||und||
020 _a81-7808-670-0
082 _a005.73 WEI
100 _aWeiss, Markallen
_93993
245 0 _aData structures and algorithm analysis in C++
250 _a2nd
260 _aPearson education asia
_bDelhi
_c2002
300 _b295
650 _aDATA STRUCTURES
999 _c173393
_d173393